| 000 | 00722nab a2200229 4500 | ||
|---|---|---|---|
| 003 | BR-BrBNA | ||
| 005 | 20250426135117.0 | ||
| 008 | 250426b bl.||||| |||| 00| 0 por d | ||
| 040 |
_aBR-BrBNA _bpor |
||
| 072 |
_aF01 ; E70 _b9921 ; 0940 |
||
| 100 | _aStudart, Hugo | ||
| 245 |
_aOs deuses do vinho _bEstilo no Campo |
||
| 500 | _a3 illus. | ||
| 650 | _aVINHO | ||
| 650 | _aUVA | ||
| 650 | _aMARCA | ||
| 650 | _aCOMERCIALIZAÇÃO | ||
| 650 | _aRIO GRANDE DO SUL | ||
| 773 | 0 |
_01706 _9347838 _dSão Paulo-SP Editora Três Ltda - E-mail: luizfsa@revistadinheiro.com.br 2004 _o2025-0339 _tDinheiro Rural (Brazil) _x1807-3700 _gv. 4(30) p. 70-72; (Apr 2007) _wBR2025000862 |
|
| 942 | _cANA | ||
| 999 |
_c331214 _d331214 |
||